000 00988nam a22003257a 4500
003 CHAP
005 20220329140655.0
008 971013s1981 r 00010 d
010 _a55814
011 _a56786
035 _a60939
040 _cCHAP
082 _a595.7
_bZ34y
100 0 0 _aZahradník, Jirí.
_9123439
245 _aGuía básica de los insectos de Europa
260 _aBarcelona :
_bOmega,
_c1981
300 _a318 p.
_b: ilus.
590 _aBATCH-UPD
_b10
_c20130110
_lUCH01
_h1810
590 _aBATCH-UPD
_b10
_c20130410
_lUCH01
_h1145
590 _aBATCH-UPD
_b10
_c20130914
_lUCH01
_h1314
590 _aCONVERSION
_b10
_c20130109
_lUCH01
_h1330
650 1 4 _aEntomología.
_937113
650 1 4 _aInsectos.
_958888
650 1 4 _aInsectos
_xEuropa.
_958919
700 0 _aSevera, Frantisek.
_9105394
901 _aBK
942 _cLIBRO
949 _a595.7 Z34y
_bBC
_cC
_d-131069
_eC
_fc.2
_h62537
_i60939
_si
949 _a595.7 Z34y
_bBC
_cC
_d33724000497178
_eC
_h62536
_i60939
_si
999 _c55814
_d55814